Statistics for 200 biggest cities in the US on a map

Click here to take the quiz!

General Stats

  • This quiz has been taken 9,226 times
  • The average score is 130 of 200

Answers on the Map

Answers color-coded by a green-red scale on the quiz's map according to % correct below.
 

Answer Stats

RankAnswerStatePopulation% Correct
2Los AngelesCalifornia3,999,759
97%
3ChicagoIllinois2,716,450
96%
9DallasTexas1,341,075
96%
4HoustonTexas2,312,717
96%
28Las VegasNevada641,676
96%
1New YorkNew York8,662,698
96%
18SeattleWashington724,745
96%
21BostonMassachusetts685,094
95%
19DenverColorado704,621
95%
43MiamiFlorida463,347
95%
5PhoenixArizona1,626,078
95%
8San DiegoCalifornia1,419,516
95%
13San FranciscoCalifornia884,363
95%
38AtlantaGeorgia486,290
94%
11AustinTexas950,715
94%
23DetroitMichigan673,104
94%
16IndianapolisIndiana863,002
94%
6PhiladelphiaPennsylvania1,580,863
94%
26PortlandOregon647,805
94%
20WashingtonDistrict of Columbia693,972
94%
156JacksonMississippi166,965
93%
37Kansas CityMissouri488,943
93%
171Kansas CityKansas152,938
93%
49New OrleansLouisiana393,292
93%
116Salt Lake CityUtah200,544
93%
7San AntonioTexas1,511,946
93%
14ColumbusOhio879,170
92%
124ColumbusGeorgia194,058
92%
56HonoluluHawaii350,395
92%
12JacksonvilleFlorida892,062
92%
46MinneapolisMinnesota422,331
92%
24Nashville-DavidsonTennessee667,560
92%
27Oklahoma CityOklahoma643,648
92%
22El PasoTexas683,577
91%
72OrlandoFlorida280,257
91%
35SacramentoCalifornia501,901
91%
52TampaFlorida385,430
91%
30BaltimoreMaryland611,648
90%
17CharlotteNorth Carolina859,035
90%
51ClevelandOhio385,525
90%
25MemphisTennessee652,236
90%
10San JoseCalifornia1,035,317
90%
32AlbuquerqueNew Mexico558,545
89%
98Boise CityIdaho226,570
89%
31MilwaukeeWisconsin595,351
89%
62St. LouisMissouri308,626
89%
67AnchorageAlaska294,356
88%
81BuffaloNew York258,612
88%
66CincinnatiOhio301,301
88%
15Fort WorthTexas874,168
88%
65PittsburghPennsylvania302,407
88%
41RaleighNorth Carolina464,758
86%
33TucsonArizona535,677
86%
99Baton RougeLouisiana225,374
85%
29LouisvilleKentucky621,349
85%
40OmahaNebraska466,893
85%
42Colorado SpringsColorado464,474
84%
100Des MoinesIowa217,521
84%
86RenoNevada248,853
84%
97RichmondVirginia227,032
83%
128TallahasseeFlorida191,049
83%
47TulsaOklahoma401,800
83%
44Virginia BeachVirginia450,435
83%
107BirminghamAlabama210,710
82%
120Little RockArkansas198,606
82%
63St. PaulMinnesota306,621
82%
89Winston-SalemNorth Carolina244,605
82%
34FresnoCalifornia527,438
81%
71LincolnNebraska284,736
81%
137ProvidenceRhode Island180,393
81%
82MadisonWisconsin255,214
79%
151SalemOregon169,798
79%
50WichitaKansas390,591
79%
45OaklandCalifornia425,195
78%
155SpringfieldMissouri167,376
78%
165SpringfieldMassachusetts154,758
78%
118MontgomeryAlabama199,518
76%
200CharlestonSouth Carolina134,875
75%
59Corpus ChristiTexas325,605
74%
39Long BeachCalifornia469,450
74%
74ToledoOhio276,491
74%
129MobileAlabama190,265
73%
110RochesterNew York208,046
73%
36MesaArizona496,401
72%
180SavannahGeorgia146,444
72%
101SpokaneWashington217,108
72%
53BakersfieldCalifornia380,874
71%
60Lexington-FayetteKentucky321,959
71%
143Sioux FallsSouth Dakota176,888
71%
79St. PetersburgFlorida263,255
70%
55AnaheimCalifornia352,497
69%
48ArlingtonTexas396,394
69%
119Grand RapidsMichigan198,829
69%
131KnoxvilleTennessee187,347
69%
70NewarkNew Jersey285,154
69%
102San BernardinoCalifornia216,995
69%
78Fort WayneIndiana265,904
68%
184SyracuseNew York143,396
68%
121AkronOhio197,846
67%
115AuroraIllinois200,965
67%
54AuroraColorado366,623
67%
189DaytonOhio140,371
67%
68GreensboroNorth Carolina290,222
67%
58RiversideCalifornia327,728
67%
138Fort LauderdaleFlorida180,072
66%
104TacomaWashington213,418
66%
117AmarilloTexas199,826
65%
77DurhamNorth Carolina267,743
65%
75Jersey CityNew Jersey270,753
64%
83LubbockTexas253,888
64%
122AugustaGeorgia197,166
63%
140ChattanoogaTennessee179,139
63%
152EugeneOregon168,916
63%
88NorfolkVirginia244,703
63%
90North Las VegasNevada242,975
63%
57Santa AnaCalifornia334,136
63%
61StocktonCalifornia310,496
62%
80LaredoTexas260,654
61%
64HendersonNevada302,539
60%
193WacoTexas136,436
59%
73IrvineCalifornia277,453
58%
85ScottsdaleArizona249,950
58%
132WorcesterMassachusetts185,677
58%
135BrownsvilleTexas183,299
57%
126ShreveportLouisiana192,036
57%
112GlendaleCalifornia203,054
56%
87GlendaleArizona246,709
56%
146VancouverWashington175,673
56%
123HuntsvilleAlabama194,585
55%
185McAllenTexas142,696
54%
69PlanoTexas286,143
54%
76Chula VistaCalifornia270,471
53%
158Fort CollinsColorado165,080
52%
186PasadenaCalifornia142,647
52%
168PasadenaTexas153,520
52%
84ChandlerArizona253,458
51%
113YonkersNew York202,019
51%
93IrvingTexas240,373
50%
172MaconGeorgia152,663
50%
179BridgeportConnecticut146,579
49%
92ChesapeakeVirginia240,397
49%
106Santa ClaritaCalifornia210,888
49%
109FayettevilleNorth Carolina209,889
48%
167HollywoodFlorida153,627
47%
103ModestoCalifornia214,221
47%
134Cape CoralFlorida183,365
46%
139Newport NewsVirginia179,388
46%
108OxnardCalifornia210,037
46%
91GilbertArizona242,354
45%
96FremontCalifornia234,962
44%
114Huntington BeachCalifornia201,874
44%
177RockfordIllinois147,051
44%
147Santa RosaCalifornia175,269
44%
133TempeArizona185,038
44%
161AlexandriaVirginia160,035
43%
94HialeahFlorida239,673
43%
197MidlandTexas136,089
43%
187OrangeCalifornia140,560
43%
95GarlandTexas238,002
42%
175JolietIllinois148,462
42%
127Overland ParkKansas191,278
42%
153PeoriaArizona168,181
41%
182BellevueWashington144,444
39%
142FriscoTexas177,286
39%
145OntarioCalifornia175,841
39%
130Port St. LucieFlorida189,344
39%
169ClarksvilleTennessee153,205
38%
144OceansideCalifornia176,193
38%
160LancasterCalifornia160,316
37%
176NapervilleIllinois147,682
36%
195DentonTexas136,268
35%
105FontanaCalifornia211,815
35%
162SalinasCalifornia157,596
35%
157CaryNorth Carolina165,904
34%
111Moreno ValleyCalifornia207,226
34%
194MurfreesboroTennessee136,372
34%
196West Valley CityUtah136,170
34%
149Elk GroveCalifornia171,844
33%
181KilleenTexas145,482
33%
163PalmdaleCalifornia157,519
33%
174PatersonNew Jersey148,678
33%
154CoronaCalifornia167,836
32%
136McKinneyTexas181,330
32%
191OlatheKansas137,472
32%
125Grand PrairieTexas193,837
31%
164LakewoodColorado154,958
31%
141Rancho CucamongaCalifornia177,452
31%
170PomonaCalifornia152,939
30%
173EscondidoCalifornia151,969
28%
188FullertonCalifornia140,392
28%
148Garden GroveCalifornia174,226
28%
199RosevilleCalifornia135,329
28%
178TorranceCalifornia146,758
28%
159HaywardCalifornia160,500
27%
183MesquiteTexas143,949
27%
150Pembroke PinesFlorida170,712
27%
192ThorntonColorado136,978
26%
166SunnyvaleCalifornia153,656
25%
190MiramarFlorida140,328
24%
198CarrolltonTexas135,710
23%

Score Distribution

Percentile by Number Answered

Percent of People with Each Score

Your Score History

You have not taken this quiz